| 000 | 00778nam a2200229 a 4500 | ||
|---|---|---|---|
| 001 | 47898 | ||
| 003 | BD-RjUL | ||
| 005 | 20211209054422.0 | ||
| 008 | 160810s2002 bg ||||| |||| 00| 0 ben d | ||
| 020 | _c: Tk.60.00 | ||
| 035 | _a(BD-RjUL)48017 | ||
| 040 |
_aBD-RjUL _bben _cBD-RjUL _dBD-RjUL |
||
| 041 | _aben | ||
| 082 |
_223 _a891.443 _bALS 2002 |
||
| 100 |
_aআলী, জাহাঙ্গীর _9144540 |
||
| 245 | 1 | 0 |
_aস্মৃতির ঝিনুকে মুক্তো / _cজাহাঙ্গীর আলী, |
| 260 |
_aরাজশাহী : _bউৎপল, _c২০০২. |
||
| 300 |
_a৮৮ পৃ. ; _c২৫ সেমি. |
||
| 650 |
_aবাংলা ছোট গল্প _9145377 |
||
| 650 |
_aBengali short stories _9145378 |
||
| 942 |
_2ddc _cBK |
||
| 999 |
_c47898 _d47898 |
||